Welcome to CU Library Online Public Access Catalogue (OPAC)

Global Englishes : (Record no. 1959)

MARC details
000 -LEADER
fixed length control field 01076cam a2200277 i 4500
001 - CONTROL NUMBER
control field 18043035
005 - DATE AND TIME OF LATEST TRANSACTION
control field 20241204185140.0
008 - FIXED-LENGTH DATA ELEMENTS--GENERAL INFORMATION
fixed length control field 140214t20142014enka b 001 0 eng
020 ## - INTERNATIONAL STANDARD BOOK NUMBER
International Standard Book Number 9780415638432 (hbk)
020 ## - INTERNATIONAL STANDARD BOOK NUMBER
International Standard Book Number 9780415638449 (pbk)
020 ## - INTERNATIONAL STANDARD BOOK NUMBER
Canceled/invalid ISBN 9781317645658 (ebk)
050 00 - LIBRARY OF CONGRESS CALL NUMBER
Classification number PE2751
Item number .J46 2015
082 00 - DEWEY DECIMAL CLASSIFICATION NUMBER
Classification number 427
Edition information 23
100 1# - MAIN ENTRY--PERSONAL NAME
Personal name Jenkins, Jennifer,
Dates associated with a name 1950-
Relator term author.
245 10 - TITLE STATEMENT
Title Global Englishes :
Remainder of title a resource book for students /
Statement of responsibility, etc. Jennifer Jenkins.
250 ## - EDITION STATEMENT
Edition statement Third Edition.
300 ## - PHYSICAL DESCRIPTION
Extent xvi, 280 pages :
Other physical details illustrations ;
Dimensions 26 cm.
500 ## - GENERAL NOTE
General note Previously published as: World Englishes: a resource book for students / Jennifer Jenkins, 2nd ed., 2009.
650 #0 - SUBJECT ADDED ENTRY--TOPICAL TERM
Topical term or geographic name entry element English language
General subdivision Variation
Geographic subdivision English-speaking countries.
650 #0 - SUBJECT ADDED ENTRY--TOPICAL TERM
Topical term or geographic name entry element English language
General subdivision Variation
Geographic subdivision Commonwealth countries.
650 #0 - SUBJECT ADDED ENTRY--TOPICAL TERM
Topical term or geographic name entry element English language
General subdivision Variation
Geographic subdivision Foreign countries.
650 #0 - SUBJECT ADDED ENTRY--TOPICAL TERM
Topical term or geographic name entry element English language
Geographic subdivision English-speaking countries.
650 #0 - SUBJECT ADDED ENTRY--TOPICAL TERM
Topical term or geographic name entry element English language
Geographic subdivision Commonwealth countries.
650 #0 - SUBJECT ADDED ENTRY--TOPICAL TERM
Topical term or geographic name entry element English language
Geographic subdivision Foreign countries.
942 ## - ADDED ENTRY ELEMENTS (KOHA)
Source of classification or shelving scheme Library of Congress Classification
Koha item type Books
Suppress in OPAC No
999 ## -
-- 1959
-- 1959
Holdings
Withdrawn status Lost status Source of classification or shelving scheme Damaged status Not for loan Collection Home library Current library Shelving location Date acquired Total checkouts Full call number Barcode Date last seen Copy number Price effective from Koha item type
    Library of Congress Classification     Non-fiction Business Library (Miotso) Business Library (Miotso) General stacks 03/27/2026   PE 2751.J46 JEN BSSM00003708 04/23/2026 1 03/27/2026 Books
    Library of Congress Classification     Non-fiction Business Library (Miotso) Business Library (Miotso) General stacks 03/27/2026   PE 2751.J46 JEN BSSM00003709 04/23/2026 2 03/27/2026 Books
    Library of Congress Classification     Non-fiction Undergraduate Library (Christ Temple) Undergraduate Library (Christ Temple) General stacks 12/04/2024   PE 2751.J46 JEN ulct00000507 12/04/2024 1 12/04/2024 Books
    Library of Congress Classification     Non-fiction Undergraduate Library (Christ Temple) Undergraduate Library (Christ Temple) General stacks 12/04/2024   PE 2751.J46 JEN ulct00000508 12/04/2024 2 12/04/2024 Books
© 2023-2024 Copyright: Central University Libraries. All Rights Reserved | Created by: Mahone Tech Office